| Tag |
First Indicator |
Second Indicator |
Subfields |
| LEADER |
00000cam a2200000 4500 |
| 001 |
in00000060897 |
| 005 |
20151008051045.0 |
| 008 |
741008s1959 eng u |
| 010 |
|
|
|a 58011226
|
| 035 |
|
|
|a (OCoLC)01035237
|
| 035 |
|
|
|9 AAG5363AM
|
| 040 |
|
|
|c CSU
|d TXA
|d UtOrBLW
|
| 049 |
|
|
|a TXAM
|c [303454]
|
| 050 |
|
0 |
|a BD125
|b .H23
|
| 082 |
0 |
|
|a 111
|
| 092 |
|
|
|a 111
|b H325t
|
| 100 |
1 |
|
|a Hart, Charles Aloysius,
|d 1893-
|
| 245 |
1 |
0 |
|a Thomistic metaphysics ;
|b an inquiry into the act of existing.
|
| 264 |
|
1 |
|a Englewood Cliffs, N.J. :
|b Prentice-Hall,
|c 1959.
|
| 300 |
|
|
|a 413p. ;
|c 24cm.
|
| 336 |
|
|
|a text
|b txt
|2 rdacontent
|
| 337 |
|
|
|a unmediated
|b n
|2 rdamedia
|
| 338 |
|
|
|a volume
|b nc
|2 rdacarrier
|
| 504 |
|
|
|a Includes bibliography.
|
| 600 |
1 |
0 |
|a Thomas,
|c Aquinas, Saint,
|d 1225?-1274
|x Metaphysics.
|
| 650 |
|
0 |
|a Metaphysics.
|
| 999 |
|
|
|a MARS
|
| 999 |
f |
f |
|s eb4efeae-066f-3f74-b2fe-cee7675c937e
|i 98c1d2f6-26fc-3d3f-a183-0a2d4ae6aad2
|t 0
|
| 952 |
f |
f |
|p ric
|a Texas A&M University
|b Rellis Campus
|c Joint Library Facility
|d Remote Storage
|t 0
|e BD125 .H23
|h Library of Congress classification
|i unmediated -- volume
|m A14800506299
|
| 998 |
f |
f |
|a BD125 .H23
|t 0
|l Remote Storage
|